Mapping Urban Spaces (Record no. 63920)

MARC details
000 -LEADER
fixed length control field 01945nam a2200277Ii 4500
008 - FIXED-LENGTH DATA ELEMENTS--GENERAL INFORMATION
fixed length control field 221202s xx 000 0 und d
245 #0 - TITLE STATEMENT
Title Mapping Urban Spaces
246 ## - VARYING FORM OF TITLE
Title proper/short title Designing the European City
264 ## - PRODUCTION, PUBLICATION, DISTRIBUTION, MANUFACTURE, AND COPYRIGHT NOTICE
Name of producer, publisher, distributor, manufacturer Taylor & Francis
Date of production, publication, distribution, manufacture, or copyright notice 2021
300 ## - PHYSICAL DESCRIPTION
Extent 1 online resource (308 pages)
336 ## - CONTENT TYPE
Content type term text
Content type code txt
Source rdacontent
337 ## - MEDIA TYPE
Media type term computer
Media type code c
Source rdamedia
338 ## - CARRIER TYPE
Carrier type term online resource
Carrier type code cr
Source rdacarrier
520 ## - SUMMARY, ETC.
Summary, etc. Mapping Urban Spaces focuses on medium-sized European cities and more specifically on their open spaces from psychological, sociological, and aesthetic points of view. The chapters illustrate how the characteristics that make life in medium-sized European cities pleasant and sustainable : accessibility, ease of travel, urban sustainability, social inclusiveness : can be traced back to the nature of that space. The chapters develop from a phenomenological study of space to contributions on places and landscapes in the city. Centralities and their meaning are studied, as well as the social space and its complexity. The contributions focus on history and theory as well as concrete research and mapping approaches and the resulting design applications. The case studies come from countries around Europe including Poland, Italy, Greece, Germany, and France, among others. The book will be of interest to students, scholars, and practitioners in architecture, urban planning, and landscape architecture.
653 ## - INDEX TERM--UNCONTROLLED
Uncontrolled term City And Town Planning: Architectural Aspects
653 ## - INDEX TERM--UNCONTROLLED
Uncontrolled term Landscape Architecture And Design
653 ## - INDEX TERM--UNCONTROLLED
Uncontrolled term Urban And Municipal Planning
653 ## - INDEX TERM--UNCONTROLLED
Uncontrolled term Urban Communities
700 1# - ADDED ENTRY--PERSONAL NAME
Personal name Amistadi, Lamberto
700 1# - ADDED ENTRY--PERSONAL NAME
Personal name Balducci, Valter
700 1# - ADDED ENTRY--PERSONAL NAME
Personal name Bradecki, Tomasz
700 1# - ADDED ENTRY--PERSONAL NAME
Personal name Prandi, Enrico
700 1# - ADDED ENTRY--PERSONAL NAME
Personal name Schröder, Uwe
856 ## - ELECTRONIC LOCATION AND ACCESS
Uniform Resource Identifier <a href="https://library.oapen.org/bitstream/20.500.12657/50266/1/9781000425864.pdfhttps://library.oapen.org/handle/20.500.12657/50266">https://library.oapen.org/bitstream/20.500.12657/50266/1/9781000425864.pdfhttps://library.oapen.org/handle/20.500.12657/50266</a>
942 ## - ADDED ENTRY ELEMENTS (KOHA)
Koha item type E-Book
Holdings
Withdrawn status Damaged status Not for loan Home library Current library Date acquired Total Checkouts Date last seen Price effective from Koha item type
      Directory of Open Access Books Directory of Open Access Books 11/28/2022   11/28/2022 11/28/2022 E-Book

University of Rizal System
Email us at univlibservices@urs.edu.ph

Visit our Website www.urs.edu.ph/library